Statistics for Brawl Stars: All Game Modes

Click here to take the quiz!

General Stats

  • This quiz has been taken 185 times
    (24 since last reset)
  • The average score is 13 of 27

Answer Stats

Type of eventGamemode% Correct
1v1v1v1v1v1v1v1v1v1
or
2v2v2v2v2
Showdown
100%
3v3Gem Grab
95%
3v3Knockout
86%
3v3Brawl Ball
77%
1v1Duels
77%
3v3Heist
77%
SpecialRobo Rumble
59%
3v3Thieves
59%
3v3Basket Brawl
55%
3v3Hot Zone
55%
3v3Siege
55%
3v3Godzilla City Smash
50%
SpecialBoss Fight
45%
1v1v1v1v1v1v1v1v1v1Trophy Escape
45%
3v3Wipeout
45%
3v3Volley Brawl
41%
3v3Bounty
36%
SpecialBig Game
32%
1v1v1v1v1v1v1v1v1v1Lone Star
32%
1v1v1v1v1v1v1v1v1v1Takedown
27%
1v1v1v1v1v1v1v1v1v1Hunters
23%
3v3Hold the Trophy
18%
SpecialSuper City Rampage
18%
3v3Bot Drop
14%
SpecialLast Stand
14%
3v3/SpecialMystery Mode
14%
3v3Payload
14%

Score Distribution

Percentile by Number Answered

Percent of People with Each Score

Your Score History

You have not taken this quiz since the last reset